Top 10 stanów USA o największej populacji "Indianie" - Statystyki

Ogólne statystyki
  • Ten quiz został rozwiązany 213 razy
  • Średni wynik to 6 z 10
Statystyki odpowiedzi
Ludzie Stan % Poprawnych
170,972 Teksas
89%
362,801 Kalifornia
83%
296,529 Arizona
69%
193,222 Nowy Meksyk
68%
103,869 Waszyngton
58%
106,906 Nowy Jork
49%
71,817 Dakota Południowa
46%
104,871 Alaska
44%
321,687 Oklahoma
40%
122,110 Karolina Północna
24%
Nie znaleziono quizów pasujących do podanych kryteriów
Rozkład punktacji
Procent ludzi z każdym wynikiem
Percentyl według liczby udzielonych odpowiedzi
Twoja historia wyników
Nie rozwiązałeś tego quizu